00331nam a2200109Ia 4500008004100000245008300041260004900124260000900173300001000182500001300192650001600205170224s9999 xx 000 0 und d 4aThe relationship between materialism and personal well-being: A meta-analysis. bJournal of Personality and Social Psychology c2014 a107:5 aNovember xPsychology.